000 00618nam a2200241Ia 4500
003 OSt
005 20221005083608.0
006 a|||||r|||| 00| 0
007 ta
008 221004b |||||||| |||| 00| 0 eng d
024 _a27686
037 _cTextual
040 _aCRL
_cCRL
_beng
041 _2eng
_aeng
082 _aCwN25,1, N1
100 _aRamanna Raja
_9612682
245 0 _aYears of pilgrimage
_b An autobiography
260 _aNew Delhi
_bViking
_c1991
300 _a144p
_ccm.
650 _aPHYSICS
942 _hCwN25,1, N1
_cTEXL
_2cc
999 _c991240
_d991240